Minecraft Speedrunning Sub-8s - Statistics

General Stats
  • This quiz has been taken 116 times
    27 since last reset
  • The average score is 10 of 37
Answer Stats
Place Time Date Achieved Runner % Correct
28 7:54 4/14/25 Blad_d
96%
13 7:30 12/12/23 doogile
67%
1 6:50 6/11/25 lowkey
67%
37 7:59 5/8/25 Infume
63%
7 7:23 4/19/24 skycrab1
58%
11 7:29 10/6/24 jason_n
54%
2 7:01 1/3/24 drip120
46%
35 7:59 10/21/25 bigbigmongey
42%
8 7:24 10/17/25 Aquacorde
38%
10 7:29 8/2/24 Jay12310
33%
21 7:45 2/8/23 zylenox
33%
20 7:45 12/8/25 Ancoboy
29%
31 7:56 5/7/25 HDMICables
29%
18 7:43 10/24/24 Priffie
29%
24 7:49 6/7/25 v_strid
29%
26 7:53 10/24/25 ulsahin
25%
14 7:32 6/4/25 itsnahan
21%
16 7:34 9/14/25 KenanKardes
21%
5 7:16 12/7/25 watermelon1708
21%
3 7:11 10/22/25 loodlow
17%
6 7:22 4/29/24 NoHacsJustRoblox
17%
22 7:47 7/8/25 orachi
17%
36 7:59 5/11/25 dinonuggieboi
13%
23 7:47 11/22/24 meebie
13%
9 7:26 12/8/23 NoFear1337
13%
19 7:45 5/15/25 PAPLERR
13%
32 7:57 10/20/25 Airpodz
8%
27 7:54 4/28/25 ANJOUU
8%
4 7:13 10/16/25 Bloopy
8%
15 7:33 7/24/25 kazzruns
8%
17 7:41 10/5/25 Kxpow
8%
29 7:55 6/22/25 Mar1n
8%
33 7:58 3/1/25 MattyLopez
8%
25 7:51 9/18/24 mikky_
8%
30 7:55 7/17/25 pardonmc
8%
12 7:29 4/2/25 sadekeppi
8%
34 7:58 6/16/25 kohout135
4%
No matching quizzes found
Score Distribution
Percent of People with Each Score
Percentile by Number Answered
Your Score History
You have not taken this quiz since the last reset